High-Speed Rail in Tourism: Demand Segments and Factors of Their Potential Transition to Alternative Modes of Transport

Cieľom tohto príspevku je preskúmať faktory, ktoré určujú ochotu návštevníkov prejsť na ekologickejšie spôsoby dopravy na turistických cestách v Českej republike. Navrhovaný model hypotetického prechodu na vysokorýchlostnú železnicu (HSR) zohľadňuje osobné a cestovné charakteristiky, úlohu environme...

Descrizione completa

Salvato in:
Dettagli Bibliografici
Autore principale: Šauer, Martin
Altri autori: Novotná, Markéta, Holešinská, Andrea, Vystoupil, Jiří
Natura: Capitolo di libro
Lingua:inglese
Soggetti:
Tags: Aggiungi Tag
Nessun Tag, puoi essere il primo ad aggiungerne!!

MARC

LEADER 00000naa a2200000 4500
001 0303339
005 20240802083245.9
041 0 |a eng 
044 |a SK 
245 1 0 |a High-Speed Rail in Tourism: Demand Segments and Factors of Their Potential Transition to Alternative Modes of Transport  |c Martin Šauer, Markéta Novotná, Andrea Holešinská, Jiří Vystoupil 
520 |a Cieľom tohto príspevku je preskúmať faktory, ktoré určujú ochotu návštevníkov prejsť na ekologickejšie spôsoby dopravy na turistických cestách v Českej republike. Navrhovaný model hypotetického prechodu na vysokorýchlostnú železnicu (HSR) zohľadňuje osobné a cestovné charakteristiky, úlohu environmentálnych postojov a predchádzajúce skúsenosti s rôznymi druhmi dopravy. 
610 2 0 |a železnice 
610 2 0 |a ruch cestovný 
610 2 0 |a doprava železničná osobná 
610 2 0 |a turistika 
610 2 0 |a ekológia 
100 1 |a Šauer, Martin 
700 1 |a Novotná, Markéta 
700 1 |a Holešinská, Andrea 
700 1 |a Vystoupil, Jiří